Harry Potter Spells Quiz Stats

 Plays Quiz Updated Dec 3, 2014

Score 0/26 Timer 08:00
9 Plays Today
Effect Incantation % Correct
Causes the victim to suffer almost intolerable painCrucio
86%
The Killing CurseAvada Kedavra
82.7%
Patronus CharmExpecto Patronum
82.1%
Creates a beam of light from the end of one's wandLumos
78.5%
Charm that causes a locked door to openAlohomora
78.1%
Disarming SpellExpelliarmus
76%
Levitation CharmWingardium Leviosa
74.6%
Summoning CharmAccio
72.1%
Boggart banishing spellRiddikulus
70.3%
Gives the caster complete control over their victimImperio
68.8%
Stunning SpellStupefy
59%
Undoes damage to an objectReparo
53.7%
Turns the entire body of the victim rigidPetrificus Totalus
48.2%
Effect Incantation % Correct
Creates confusion in an opponentConfundo
46.8%
Shield CharmProtego
45%
Dangles a person upside-down by the ankleLevicorpus
42.3%
Spell that cuts something open.Diffindo
36.7%
Starts a fireIncendio
32%
Makes the caster's voice carry over long distancesSonorus
30.5%
Fills a surrounding area with an unidentifiable buzzingMuffliato
25.9%
Conjures a flock of small birdsAvis
20.7%
Makes something waterproofImpervius
19.1%
Stops an object or slows it downImpedimenta
19%
Perpetual Tickling CharmRictusempra
13.6%
Repelling or Banishing SpellDepulso
13.2%
Causes the victim's teeth to enlarge grotesquely.Densaugeo
10.3%

You're not logged in!

Compare scores with friends on all Sporcle quizzes.
OR
Log In

Sporcle TV

Today on Sporcle TV


Watch our educational content, quiz creation guides, and fun videos on Sporcle TV.

Show Comments

Extras

Top Quizzes Today


Score Distribution

Your Account Isn't Verified!

In order to create a playlist on Sporcle, you need to verify the email address you used during registration. Go to your Sporcle Settings to finish the process.

Report this User

Report this user for behavior that violates our Community Guidelines.

Details: